[Event "FIDE World Cup"]
[Site "Tbilisi"]
[Date "2017.09.10"]
[Round "3.2"]
[White "Matlakov, Maxim"]
[Black "Aronian, Levon"]
[Result "1-0"]
[WhiteElo "2728"]
[BlackElo "2799"]
[Annotator "Krasenkow,Michal"]
[PlyCount "53"]
[EventDate "2017.09.03"]
[EventType "k.o."]
[EventRounds "7"]
[EventCountry "GEO"]
[SourceTitle "CBM 181"]
[Source "ChessBase"]
[SourceDate "2017.11.10"]
[SourceVersion "1"]
[SourceVersionDate "2017.11.10"]
[SourceQuality "1"]

1. d4 {Quintiliano,R} Nf6 2. c4 e6 3. Nc3 d5 4. cxd5 Nxd5 5. e4 Nxc3 6. bxc3 c5 7. Rb1 {Quintiliano,R: 'This move order allows White to prevent the check from b4 and the subsequent exchange of bishops, which is good for Matlakov, who is playing only for the win.'} (7. Nf3 {Quintiliano,R} cxd4 8. cxd4 Bb4+ 9. Bd2 Bxd2+ 10. Qxd2 O-O {would be of course a better situation for Aronian.}) 7... Be7 8. Nf3 O-O 9. Bc4 Qc7 (9... Nc6 {is more common - see Svidler - Radjabov in CBM 179.}) 10. Qe2 a6 (10... b6 11. O-O Bb7 12. d5 e5 $6 (12... exd5 13. Bxd5 Bxd5 14. exd5 Bd6 15. c4 $14) 13. Rd1 Qd6 {(this blockade is too shaky)} 14. a4 a6 15. Bd3 Nd7 16. Nd2 Rfb8 17. Nc4 Qf6 18. f4 $1 exf4 19. e5 Qh6 20. Qg4 Bc8 21. Bxf4 {1-0 (21) Wei Yi (2738)-Li,Y (2459) China CHN 2017}) 11. a4 (11. O-O {allowed Black to comfortably develop his pieces in the recent rapid game:} b5 12. Bd3 Nd7 13. h4 (13. a4 $5) 13... e5 14. h5 h6 15. Nxe5 Nxe5 16. dxe5 c4 17. Bc2 Qxe5 $132 {0-1 (45) Navara,D (2737)-Dominguez Perez,L (2739) Saint Louis 2017}) 11... cxd4 12. cxd4 Bd7 (12... Qa5+ $2 {(Quintiliano,R) wins a pawn but after} 13. Bd2 Qxa4 14. O-O $1 {Black is in trouble to develop his pieces:} Qe8 15. Rfc1 b5 16. Ba2 Nd7 17. d5 $1 e5 18. Ba5 $1 $14) 13. O-O {[%mdl 512] Of course, White doesn't care about his a-pawn. His initiative in the centre is more important.} Rc8 {Hardly a useful move.} (13... Bxa4 14. Bb2 $44 {[%cal Yd4d5,Yf1c1]} (14. d5 $143 exd5 15. exd5 Re8 $13)) 14. Bd3 $146 ({RR} 14. Bb3 b5 15. Qd1 bxa4 16. Bxa4 Bxa4 17. Qxa4 Qc6 18. Qxc6 Nxc6 19. Bf4 g5 20. Be3 g4 21. Nd2 Nb4 22. Nb3 a5 23. Nc5 Bxc5 24. dxc5 Nc2 25. Rfc1 Nxe3 26. fxe3 a4 27. Kf2 Kg7 28. Kg3 h5 {Aryan,C (2585)-Erigaisi,A (2633) Kanpur 2022 ½-½ (54)}) ({RR} 14. Bb3 b5 15. Qa2 bxa4 16. Bxa4 Bxa4 17. Qxa4 Qc6 18. Qxc6 Nxc6 19. Bf4 Nb4 20. Rfd1 Rd8 21. Bc7 Rdc8 22. Bf4 Rd8 23. Bc7 Rdc8 24. Bf4 {½-½ (24) Raja,R (2511)-Kuegel,T (2416) Arona ESP 2024}) 14... Bxa4 15. d5 $1 {[%mdl 128] Quintiliano,R: 'Once the material has been accepted, White must immediately show and use his compensation, and Matlakov takes advantage of his better development by opening the position'} Nd7 {Quintiliano,R: 'Maybe Aronian didn't see his opponent's strong next move.'} (15... exd5 16. exd5 Bb5 {didn't help: White kept strong pressure after} 17. Re1 $1 Bxd3 18. Qxd3 $16) (15... e5 {(Quintiliano,R) was more solid, White has some compensation, but not aggressive ideas like in the game} 16. Be3 (16. Bb2 Nd7 17. Rfc1 Bc5) 16... Nd7 17. Rfc1 Bc5 (17... Qb8 18. Rxc8+ Qxc8 19. Qb2 $1 {[%csl Gb7,Ge5]}) 18. h4 $5 $44 {Black has some problems like his development and the bishop misplaced on a4, but it is not easy for White to increase the pressure, the position is balanced}) 16. e5 exd5 $2 (16... Nc5 $1 {was the best defence. After} 17. d6 Qd7 18. Bxh7+ Kxh7 19. dxe7 Qd3 $1 ({but not} 19... Qxe7 $2 20. Ng5+ {etc.}) 20. Qa2 $1 {the position remained unclear.}) 17. e6 $1 Nf8 (17... Nc5 18. exf7+ Kh8 19. Bf5 $16) 18. exf7+ Kxf7 ({Quintiliano,R: 'Not recapturing the pawn was difficult, but it was better to play'} 18... Kh8 19. Ne5 $16 Bc2 {Quintiliano,R} 20. Bxc2 Qxc2 21. Qxc2 Rxc2 22. Rxb7 Bd6 23. Bf4 $16) 19. Nd4 $6 {Quintiliano,R: 'But Matlakov returns the compliment and gives Aronian the chance to save the game.'} (19. Re1 $1 {was more precise. A nice line:} Bf6 20. Ng5+ Bxg5 21. Bxh7 $3 Qd7 (21... Nxh7 22. Qe6+ Kf8 23. Ba3+) (21... Bxc1 22. Qf3+) 22. Qh5+ g6 23. Bxg6+ Nxg6 24. Qh7+ Kf8 25. Ba3+ Be7 26. Re3 Bxa3 27. Qxg6 $18 {}) 19... Bf6 {Quintiliano,R: 'Aronian makes the last mistake and misses the chance, which was pretty difficult.'} (19... Kg8 $142 $1 20. Nf5 Bf6 {and Black holds on.}) 20. Bxh7 $1 {The same blow (see above) decides in this position, too.} Qe5 (20... Bxd4 21. Qf3+ $18) (20... Nxh7 21. Qe6+ Kf8 (21... Kg6 22. Qf5+ Kf7 23. Qxd5+ Kg6 24. Ne6 $18 {[%cal Re6c7,Re6f4]}) 22. Ba3+ Be7 23. Qxd5 $18 {}) (20... g6 21. Bxg6+ $1 Kxg6 (21... Nxg6 22. Qe6+ Kg7 23. Nf5+) 22. Qg4+ Kh7 (22... Kf7 23. Nf5 $1) 23. Qf5+ Kg7 (23... Kg8 24. Qxf6 $18) 24. Bh6+ $1 Kxh6 25. Qxf6+ Kh7 26. Rb6 $18 {}) 21. Rxb7+ Bd7 22. Qg4 Qxd4 (22... Nxh7 23. Rxd7+ Kg8 24. Nf5 $18 {}) 23. Rxd7+ Nxd7 24. Qxd7+ Be7 25. Re1 Qe5 (25... Qc5 26. Ba3 $1 Qxa3 27. Qxd5+ $18) 26. Bd2 Rd8 27. Qg4 (27. Qg4 Qf6 (27... Qd6 28. Bb4 $1) 28. Bg5 $1 Qxg5 29. Qe6+ Ke8 30. Bg6+ $18) 1-0

[Event "Reggio Emilia 53rd"]
[Site "Reggio Emilia"]
[Date "2011.01.03"]
[Round "6"]
[White "Morozevich, Alexander"]
[Black "Onischuk, Alexander"]
[Result "0-1"]
[WhiteElo "2700"]
[BlackElo "2683"]
[Annotator "Krasenkow,Michal"]
[PlyCount "94"]
[EventDate "2010.12.28"]
[EventType "tourn"]
[EventRounds "9"]
[EventCountry "ITA"]
[EventCategory "18"]
[SourceTitle "CBM 140"]
[Source "ChessBase"]
[SourceDate "2011.01.18"]
[SourceVersion "1"]
[SourceVersionDate "2011.01.18"]
[SourceQuality "1"]

1. d4 {Krasenkow,Michal} d5 2. c4 e6 3. Nc3 Be7 4. cxd5 exd5 5. Bf4 Nf6 6. e3 Bf5 7. Qb3 Nc6 8. g4 $5 {This idea of Veselin Topalov was condemned by GM P.Lukacs and IM L.Hazai in their theoretical article in CBM 136 (annotations to the stem game Topalov - Kasparov). However, in the present game Black was taken aback by the choice of Alexander Morozevich and decided to avoid any theoretical discussions.} (8. Qxb7 {is the main theoretical line.}) 8... Bc8 $6 (8... Bxg4 9. Qxb7 Nb4 10. Rc1 Bf5 11. Bxc7 Qc8 12. Qxc8+ Rxc8 13. Be5 $14 {1-0 Aleksandrov,A (2617)-Dobrowolski,A (2335)/Warsaw 2008/CBM 127 Extra (40)}) (8... Nxg4 {is the crucial move:} 9. a3 $5 (9. Nxd5 $6 O-O 10. Bg2 Bh4 $1 11. Bg3 Be6 {[%cal Rc6a5]} 12. Kf1 $1 a5 $1 13. Nh3 a4 14. Qc4 Na5 15. Qc5 b6 16. Bxh4 bxc5 17. Bxd8 Raxd8 18. Ne7+ Kh8 19. d5 Bd7 $17 {0-1 Topalov,V (2725)-Kasparov,G (2795)/Linares 1997/CBM 136 [Lukacz/Hazai] (39)}) (9. Qxd5 Qc8 {[%csl Rd5]}) ({RR} 9. Nxd5 O-O 10. Bg2 Bh4 11. Bg3 Be6 12. Kf1 a5 13. Nh3 a4 14. Qc4 Na5 15. Qc5 b6 16. Bxh4 bxc5 17. Bxd8 Raxd8 18. Ne7+ Kh8 19. d5 Bd7) ({RR} 9. a3 O-O 10. Bg2 Bh4 11. Bg3 Bxg3 ({RR} 11... Be6) ({RR} 11... Re8) 12. hxg3 Ne7 13. Nxd5 Nxd5 14. Qxd5 Qxd5 15. Bxd5 Rad8 16. Bxb7 Rb8 17. Bf3 Rxb2 18. Ne2) 9... O-O 10. Bg2 Bh4 11. Bg3 Bxg3 (11... Be6 $5) (11... Re8 $5) 12. hxg3 Ne7 13. Nxd5 Nxd5 14. Qxd5 Qxd5 15. Bxd5 Rad8 16. Bxb7 Rb8 17. Bf3 Rxb2 18. Ne2 $11 {1/2 Aleksandrov,A (2660)-Azmaiparashvili,Z (2645)/Groningen 1997/EXT 1999 (37)}) ({RR} 8... Nxg4 9. Qxd5 Qc8 10. Qg2 O-O ({RR} 10... Nf6) 11. e4 Bxe4 ({RR} 11... Bg6 12. O-O-O) ({RR} 11... Nxd4 12. O-O-O Bc5) 12. Nxe4 Bb4+ 13. Nc3 Qf5 14. Be2 Rfe8 15. Kf1 Nf6 ({RR} 15... Qxf4 16. Qxg4 Qd2 17. Rb1) ({RR} 15... h5 16. Qg3 Nxd4 17. Bd3) 16. Bh6 g6 17. Qg5 Nxd4 18. Rd1 ({RR} 18. Qxf5 Nxf5 19. Bd2) 18... Bxc3 19. bxc3 Ne4 ({RR} 19... Rxe2 20. Nxe2 Qh3+ 21. Qg2 Qxg2+ 22. Kxg2 Nxe2 23. Rd3) 20. Qxf5 Nxf5 21. Bd2 Rad8 22. Be1 Rxd1 23. Bxd1 {Aronian,L (2808)-Kramnik,V (2785) Monte Carlo 2011 CBM 142 [Krasenkow,Michal] 1-0 (39)}) ({RR} 8... Nxg4 9. Qxd5 Qxd5 10. Nxd5 Bb4+ 11. Nc3 O-O-O 12. Nge2 Rhe8 13. Bg2 Bd3 14. Bf3 Nf6 15. O-O-O Bg6 16. h4 Bh5 17. Rh3 Bxf3 18. Rxf3 Ne4 19. Nxe4 Rxe4 20. Ng3 Ree8 21. Nh5 g6 22. Nf6 Rh8 23. d5 {Ilinca,F (2397)-Balakrishnan,P (2489) San Vicente ESP 2025 1-0 (63)}) ({RR} 8... Nxg4 9. Qxd5 Qxd5 10. Nxd5 Bb4+ 11. Nxb4 Nxb4 12. Rc1 c6 13. a3 Nd3+ 14. Bxd3 Bxd3 15. f3 Nf6 16. Kd2 Bg6 17. Be5 Nd7 18. Bg3 Bh5 19. Rf1 O-O 20. Ne2 f6 21. Nf4 Bf7 22. Nd3 a5 23. Rc1 {Wojtaszek,R (2713)-Onischuk,A (2672) Poikovsky 2012 ½-½ (41)}) 9. h3 $14 {[%csl Rc6] The position of the black knight on c6 now makes no sense.} (9. g5 {is premature due to} Nh5 $13) 9... Bd6 $146 {A desperate move; now the black d5 pawn will be lost.} (9... Na5 10. Qc2 c6 11. O-O-O Be6 12. Kb1 Rc8 13. Bd3 b5 14. Nge2 Nc4 15. Bg3 Qa5 16. Nf4 Bb4 17. Nce2 c5 18. g5 $16 {1-0 Bocharov,D (2618)-Rychagov,A (2538)/Irkutsk 2010/CBM 138 (25)}) ({RR} 9... O-O 10. Nge2 Na5 11. Qc2 Nc4 12. Ng3 Bd6 13. Bxd6 Nxd6 14. Bd3 Kh8 15. f3 b6 16. O-O-O c5 17. g5 Nfe8 18. h4 Bb7 19. Kb1 Rc8 20. Bxh7 cxd4 21. exd4 Rxc3 22. bxc3 Nc4 23. Qd3 Qd6 24. Nf1 {Yilmaz,M (2609)-Supi,L (2608) Wijk aan Zee NED 2023 ½-½ (31)}) ({RR} 9... Na5 10. Qc2 c6 11. O-O-O Be6 12. Kb1 Rc8 13. Bd3 b5 14. Nge2 Nc4 15. Bg3 Qa5 16. Nf4 Bb4 17. Nce2 c5 18. g5 Nd7 19. Bxc4 cxd4 20. Nxd4 Rxc4 21. Qe2 O-O 22. Nfxe6 fxe6 23. Nxe6 Rfc8 24. Qd3 {Bocharov,D (2618)-Rychagov,A (2538) Irkutsk 2010 1-0}) 10. Bxd6 cxd6 (10... Qxd6 11. g5 Ne4 12. Qxd5 $16) 11. Nge2 h5 12. g5 Ne4 13. h4 $1 O-O 14. Bg2 Bg4 15. Nf4 Rc8 16. Qxd5 $16 {The white king is uncastled but still safe enough so Black does not have sufficient compensation for the missing pawn.} Nxc3 17. bxc3 Ne7 18. Qb3 Nf5 19. g6 $2 {Unnecessarily giving the pawn back.} (19. f3 {was good enough, parrying Black's attack after} Nxe3 20. fxg4 Qe8 (20... Re8 21. Kf2 Nxg4+ 22. Kg1) 21. Kd2 Nc4+ 22. Kc2 Qe3 23. Raf1 $16) (19. Bd5 {[%csl Gd5] was another decent option.}) 19... Nxh4 20. Bd5 Nf3+ 21. Bxf3 Bxf3 22. Rh3 Bg4 23. Rg3 Rc6 24. Rc1 d5 $5 {[%mdl 512] Once again Black gives up a pawn to open up the line against the white king. He had an alternative:} (24... Rb6 25. Qd5 Rb2 $1 {e.g.} 26. Nxh5 Re2+ 27. Kf1 Bxh5 28. Qxh5 Rxf2+ $1 29. Kxf2 fxg6+ 30. Qf3 Qa5 {with a probable draw.}) 25. Qxd5 Rd6 26. Qxb7 fxg6 27. Qb3+ Rf7 28. c4 $6 (28. Nd3 $13 {was quite solid.}) 28... Rxf4 $1 {After this exchange sacrifice the white king becomes really vulnerable!} 29. exf4 (29. c5+ $5 Be6 30. Qc3 Rdxd4 31. exd4 Qd5 32. c6 h4 $44) 29... Rxd4 30. c5+ Kh7 31. Kf1 Rxf4 32. Qe3 Qf6 $6 (32... Rd4 $5 $44 33. c6 $140 Rd1+ 34. Rxd1 Qxd1+ 35. Kg2 h4) 33. c6 Bc8 34. Kg1 h4 35. Rg2 Qd6 36. Qc5 Qd2 37. Qc2 (37. Rc4 $1 {forces the rook exchange, with winning chances for White.}) 37... Qd6 38. Rd1 (38. c7 $5) 38... Qe6 39. Qc3 $2 {[%mdl 8192] Just blundering the crucial c6-pawn.} (39. Rc1 $8 $13) 39... Rc4 40. Qa5 $2 (40. Qf3 Rxc6 41. Rd4 $1 Rc4 42. Qf4 {, and White should hold on.}) 40... Qxc6 {[%cal Rc8b7]} 41. Qg5 $2 (41. Qd5 $8 Qxd5 42. Rxd5 Bb7 43. Ra5 Bxg2 44. Kxg2 {gaining a crucial tempo compared to the game. Still, White can hardly survive after} Kh6 45. Rxa7 g5) 41... Bh3 $19 {Regaining the exchange and liquidating into a winning rook ending.} 42. Qd5 Qxd5 43. Rxd5 Bxg2 44. Kxg2 Ra4 45. Kh3 Kh6 46. f3 g5 47. Rd2 Kh5 0-1

[Event "Poikovsky Karpov 04th"]
[Site "Poikovsky"]
[Date "2003.04.20"]
[Round "1"]
[White "Onischuk, Alexander"]
[Black "Pelletier, Yannick"]
[Result "1-0"]
[WhiteElo "2647"]
[BlackElo "2623"]
[Annotator "Ftacnik,Lubomir"]
[PlyCount "87"]
[EventDate "2003.04.20"]
[EventType "tourn"]
[EventRounds "9"]
[EventCountry "RUS"]
[EventCategory "16"]
[SourceTitle "CBM 095"]
[Source "ChessBase"]
[SourceDate "2003.07.25"]
[SourceVersion "1"]
[SourceVersionDate "2003.07.25"]
[SourceQuality "1"]

1. d4 d5 2. c4 c6 3. Nc3 Nf6 4. Nf3 e6 5. Bg5 Nbd7 6. cxd5 exd5 7. e3 Be7 8. Bd3 Nh5 9. Bxe7 Qxe7 10. O-O O-O 11. Qc2 Nhf6 ({RR} 11... g6 12. Rfe1 Ndf6 13. Nd2 Be6 14. Nb3 Ng7 15. Rad1 Rfe8 16. f3 Rad8 17. Qf2 b6 18. h3 c5 19. Bc2 h6 20. a3 Nf5 21. g4 Ng7 22. Nc1 h5 23. Qg3 Bc8 24. Nd3 Bb7 25. Ba4 Rf8 26. Ne5 {Praggnanandhaa,R (2743)-Van Foreest,J (2682) Wijk aan Zee NED 2024 ½-½ (33)}) 12. Rfe1 g6 ({RR} 12... Qd6 13. h3 Rd8 14. Rad1 Nf8 15. Ne5 Bd7 16. f4 Be8 17. Qf2 c5 18. g4 cxd4 19. exd4 N6d7 20. Bf1 Rac8 21. Bg2 Nb6 22. g5 Bc6 23. f5 Nbd7 24. Ng4 f6 25. h4 Re8 26. Re3 Rxe3 27. Qxe3 {Atakhan,A (2405)-Peng,X (2518) Ulaanbaatar MGL 2026 ½-½ (63)}) 13. Rab1 Nb6 $146 {Pelletier has decided to defend the position rather passively, white enjoys small advantage due to the better bishop.} (13... a5 14. e4 dxe4 15. Nxe4 Nxe4 16. Rxe4 Qd6 17. Rbe1 $14) ({RR} 13... a5 14. a3 Re8 15. e4 dxe4 16. Nxe4 Nxe4 17. Rxe4 Qd8 18. Rxe8+ Qxe8 19. Re1 Qd8 20. Bc4 Nb6 21. Ba2 Bf5 22. Qc5 Nd5 23. Bxd5 cxd5 24. Qb5 Rc8 25. h3 Be4 26. Nd2 Bxg2 27. Kxg2 Qg5+ 28. Kf1 {Butkiewicz,J (2199)-Kaczmarek,A (2062) Bialystok POL 2025 ½-½ (39)}) 14. b4 Be6 15. a4 a6 16. a5 Nc8 17. Ne5 Nd6 18. f3 (18. Na4 Nd7 19. Nc5 Nxe5 20. dxe5 Nb5 21. Rbd1 $14) 18... Rad8 19. Qf2 Nd7 20. Na4 (20. Nxd7 Rxd7 21. e4 dxe4 22. fxe4 Nc4 23. d5 Ne5 24. Bf1 cxd5 25. exd5 Bf5 26. Rbc1 $14) 20... Nxe5 21. dxe5 Ne8 22. e4 Ng7 (22... d4 23. Nc5 Ng7 24. f4 $14) 23. Nc5 Bc8 24. f4 dxe4 25. Bxe4 Ne6 26. h3 (26. Nxe6 Bxe6 27. Qc5 Qd7 28. Re3 Qd4 $11) 26... f6 27. Nxe6 Bxe6 28. Qc5 Qxc5+ $2 {[%mdl 4096] Very dubious solution, since the defender will be stuck with the bishop of the wrong colour and many fixed pawns. In this endgame e5 is virtually an extra pawn, while black fights with the problem of holding dark squares.} (28... Qf7 $1 29. Rbd1 (29. Rf1 Bd5 30. Rbe1 Bxe4 31. Rxe4 fxe5 32. Rxe5 Rd5 $11) 29... Rxd1 30. Rxd1 fxe5 31. fxe5 (31. Qxe5 Re8 32. Qg5 Bxh3 33. Bxg6 hxg6 34. gxh3 Qe6 $11) 31... Qf4 $11) 29. bxc5 Rd7 (29... Rf7 30. exf6 Bc8 (30... Rdd7 31. Bxc6 $18) 31. Kf2 Rxf6 32. Ke3 $14) 30. Bf3 Kf7 (30... fxe5 31. Rxe5 (31. fxe5 Rf4 32. Re4 Rxe4 33. Bxe4 Rd4 $11) 31... Kf7 32. Kf2 $14) 31. Red1 Rfd8 32. Rd6 (32. Rxb7 Rxb7 33. Rxd8 fxe5 34. Rh8 (34. fxe5 Rb5 35. Ra8 Bc4 36. Ra7+ Ke6 37. Rxh7 Rxc5 38. Rc7 Bb5 $11) 34... Kf6 (34... Kg7 35. Ra8 exf4 36. Rxa6 Rb1+ 37. Kh2 Bd5 38. Bxd5 cxd5 39. Ra7+ $16) 35. Rf8+ Ke7 36. Ra8 exf4 37. Bxc6 Rb1+ 38. Kf2 Rc1 39. Rxa6 Rxc5 $11) 32... fxe5 33. fxe5 Ke7 (33... Rxd6 34. exd6 Rd7 35. Rf1 Kg7 36. Re1 Bf5 37. g4 Bd3 38. g5 $16) 34. Kf2 Rc7 35. Rxd8 Kxd8 36. Rd1+ Ke8 (36... Rd7 37. Rd6 Ke7 38. Rxe6+ Kxe6 39. Bg4+ Ke7 40. Bxd7 Kxd7 41. Kf3 Ke6 42. Kf4 h6 43. h4 Kd5 (43... Ke7 44. g4 Ke6 45. h5 Kf7 46. Ke4 Kg7 47. hxg6 Kxg6 48. Kf4 $18) 44. h5 gxh5 45. Kf5 Kxc5 46. e6 $18) 37. Rd6 Re7 38. Ke3 Bc8 39. Kf4 Rf7+ (39... Be6 40. g4 Rf7+ 41. Ke3 Ke7 42. h4 $16) 40. Rf6 $1 {Onischuk is realizing his huge advantage very convincingly, the difference in the quality of the bishops is enormous.} Ke7 (40... Rxf6+ 41. exf6 Kf7 42. Ke5 Be6 43. Bg4 Bd5 44. g3 $18) 41. Kg5 Bf5 42. Rxf7+ Kxf7 43. Kh6 Ke6 (43... Kg8 44. Bg4 Be4 45. g3 $18) 44. Bg4 $1 (44. Bg4 $1 Bxg4 (44... Kxe5 45. Bxf5 Kxf5 46. Kxh7 g5 47. g4+ Ke6 48. Kg6 Kd5 49. Kxg5 Kxc5 50. Kf6 $18) 45. hxg4 Kxe5 46. Kxh7 Kf6 47. Kh6 $18) 1-0

[Event "Gibraltar Masters 9th"]
[Site "Caleta"]
[Date "2011.02.03"]
[Round "10"]
[White "Bologan, Viktor"]
[Black "Short, Nigel D"]
[Result "0-1"]
[WhiteElo "2693"]
[BlackElo "2658"]
[Annotator "Bologan,Viktor"]
[PlyCount "122"]
[EventDate "2011.01.25"]
[EventType "swiss"]
[EventRounds "10"]
[EventCountry "GGB"]
[SourceTitle "CBM 141"]
[Source "ChessBase"]
[SourceDate "2011.03.17"]
[SourceVersion "1"]
[SourceVersionDate "2011.03.17"]
[SourceQuality "1"]

1. d4 e6 2. c4 Nf6 3. Nc3 d5 4. cxd5 exd5 5. Bg5 c6 6. e3 Bf5 7. Qf3 Bg6 8. Bxf6 Qxf6 9. Qxf6 gxf6 10. Nf3 {This was only my 3rd game with d4 in the last three years and of course I had to spend much time in preparing almost all black answers to d4. I managed even briefly to point out that with this setup I will repeat van Wely's play against Nigel.} Nd7 11. g3 Be7 12. Nh4 {White wants to control the f5-square or to provoke Black to push his pawn to f5.} Nb6 13. f3 a5 14. Kf2 a4 15. Rc1 Nc8 16. Ne2 $146 {Of course after 10.f3 I had to play over the board, since I didn't remember exactly what happened in Loek's game. In this position I saw that he can play a6 and decided that it simply will lead to the repetition of moves after c3, and only then I would go for e2.} ({The aforementioned game went} 16. Be2 Nd6 17. Rhd1 O-O 18. Bd3 Rfe8 19. g4 Bf8 20. Ne2 Bh6 21. f4 Bxd3 22. Rxd3 Bf8 23. Ng3 $1 $16 {Van Wely Loek (NED) - Short Nigel D (ENG), Wijk aan Zee (Netherlands). With full control over the f5-square.}) ({RR} 16. Be2 Nd6 17. Rhd1 O-O 18. Bd3 Rfe8 19. g4 Bf8 20. Ne2 Bh6 21. f4 Bxd3 22. Rxd3 Bf8 23. Ng3 Ra5 24. Rc2 Rb5 25. Nhf5 Nc4 26. b3 axb3 27. Rxb3 Rxb3 28. axb3 Na5 29. Nh5 Re6 30. Ra2 b6 {Van Wely,L (2679)-Short,N (2674) Wijk aan Zee 2005 1-0 (31)}) 16... Ra6 17. Nc3 Ra5 18. Be2 Nd6 19. Rhd1 Kd7 20. Ng2 b5 21. Rd2 Bf8 (21... a3 22. b3 {X c4}) (21... Nc4 22. Bxc4 bxc4 23. a3 $1 $14) 22. a3 h5 23. Na2 Nc4 24. Bxc4 bxc4 25. Nf4 f5 26. Nc3 $14 {Now the rook can not leave the a-file.} Bd6 27. h4 {It is important to fix the pawns which will make easier task for knights manoeuvring} Rg8 28. Rg1 Raa8 29. Ke1 {Some friends were sure, that this was a blunder and I missed ...c7 with the idea ...a5. It's not true since this was a provocation and I consciously sacrified the exchange.} (29. Ke2 Rge8) 29... Bc7 30. Kd1 Ba5 31. Nxa4 $1 (31. Rc2 Rge8) 31... Bxd2 32. Nc5+ Kd6 33. Kxd2 Rgb8 34. Kc3 Ra5 35. Rc1 Rab5 {Here my opponent almost took on c5 which after} (35... Rxc5 36. dxc5+ Kxc5 37. b4+ $1 {would lead to a very difficlut endgame for Black:} cxb3 38. Kb2+ Kd6 39. Rc3 c5 40. Rxb3 {/}) 36. b4 $1 ({On} 36. Rb1 {I didn't like} Rb3+ 37. Nxb3 Rxb3+ 38. Kd2 Bh7 $11) 36... cxb3 37. Kb2 Ra5 38. Ncd3 (38. a4 Ra7 39. Rc3 Rb4 40. Nfd3 Rb6 41. Rxb3 Rxb3+ 42. Kxb3 Re7 $17) (38. Rc3 Rxa3 $1 $19) 38... Re8 39. Nb4 ({My first intention was} 39. Ne5 c5 40. Rc3 {but here} Rb5 {instead of the calculated ...c4} (40... c4 41. Rxc4 dxc4 42. Nxc4+ Kd7 43. Nxa5 Rxe3 44. Nc4 {and the pawn is untouched}) 41. a4 Rbb8 {would force me to take on g6 which wasn't my idea.}) 39... Rxe3 40. Rxc6+ Kd7 {The time control is passed and I had enough time to review my assesment of the position and to calm down to draw, but the tiredness (10th round, long games, 166 moves and 8 hours one of them) and some sort of psychological block didn't let me do it.} 41. Rc1 (41. Rc5 Rxc5 42. dxc5 d4 43. a4 d3 (43... Rxf3 44. a5 d3 45. Nfxd3 Kc8 46. a6 Kb8) 44. c6+ Kd6 45. c7 Re8 46. Nbxd3 Kxc7 47. Kxb3 Kb7 48. Nd5 Re2 $13) (41. Rf6 Rxf3 42. Nc6 Rf2+ (42... Rb5 43. Ne5+ Ke7 44. Nxf3 Kxf6 45. a4 Rb8 46. Ne5 Kg7 47. Nd7 Re8 48. Kxb3 Re1 49. a5 Ra1 50. Kb4 Rb1+ 51. Kc5 $18) 43. Kxb3 Rb5+ 44. Ka4 Rb1 45. Nxd5 (45. Ne5+ Ke8 46. Rc6 Rb8) 45... Rfb2 46. Ne5+ Ke8 $13) (41. Rc7+ {was enough only for draw and I think now this was the best option for me from the practical point of view.} Kd6 (41... Kxc7 42. Nbxd5+ Kd6 43. Nxe3 Ra4 44. d5 Rd4 45. Kxb3 Kc5 46. Kc3 Ra4 47. Nd3+ Kb5 48. Kb3 Rd4 49. Nf4 Kc5) 42. Rb7 Rxf3 43. Rb6+ Kd7 44. Nfxd5) 41... Rxf3 42. Nc6 Rf2+ 43. Kxb3 Rb5+ 44. Ka4 Rb7 $6 (44... Rfb2 45. Ne5+ Kd6 46. Rc6+ Ke7 47. Rc8 Rb7 48. Nxd5+ Ke6 49. Nf4+ Kf6 50. Ra8 $14) 45. Ne5+ (45. Rc5 $1 {Analysing this complex position even with the computer it's hard to give a final assessment, but the fact that White is the only one who can fight for a win is true.} Rfb2 46. Ne5+ Ke7 47. Nxd5+ Kf8 48. Nf4 Ra7+ 49. Ra5 Rxa5+ 50. Kxa5 Rb3 (50... Ke7 51. a4 Kd8 52. Ka6 Rb1 53. a5 Rb3 54. d5 Kc7 55. Nc4 Rb1 56. Na3 Rb8 57. Nb5+ Kc8 58. d6 Kd7 59. Nd3 Kc6 60. Ne5+ Kd5 61. Ka7 $16) 51. a4 Ke8 52. Ka6 Rxg3 53. Kb6 {It is important do not get cut off on the b-file by the rook} (53. a5 Rb3 54. Ka7 Kd8 55. a6 Kc7) 53... Rb3+ 54. Kc5 Rc3+ 55. Kb4 Rc1 56. a5 Kd8 57. a6 Kc7 58. d5 $16) 45... Kd8 46. Nc6+ $6 (46. Rc5 Ra7+ 47. Kb3 (47. Ra5 Rxa5+ 48. Kxa5 Rb2 49. a4 Rb3 50. Ka6 Kc7 51. a5 Rxg3 52. Kb5 Rb3+ 53. Kc5 Kb7 54. Nxd5 Bh7 55. Nf4 Ra3 $13) 47... Rb7+ 48. Ka4 {=}) 46... Ke8 47. Ka5 $4 {This is the end; it escaped from me that he can take on g3 with the b-rook.} Rb3 48. a4 Rxg3 49. Nxd5 f4 $19 50. Kb6 Kf8 51. a5 Be4 52. Ndb4 Rb2 53. Kc7 Rgb3 54. d5 Rxb4 55. Nxb4 Rxb4 56. d6 Rb7+ 57. Kc8 Ra7 58. Ra1 f3 59. a6 f2 60. d7 Ra8+ 61. Kc7 Bg2 0-1